Victims, perpetrators or actors? : (Record no. 147)
[ view plain ]
| 000 -LEADER | |
|---|---|
| fixed length control field | 00878cam a22002534a 4500 |
| 001 - CONTROL NUMBER | |
| control field | 12241253 |
| 005 - DATE AND TIME OF LATEST TRANSACTION | |
| control field | 20231205022048.0 |
| 008 - FIXED-LENGTH DATA ELEMENTS--GENERAL INFORMATION | |
| fixed length control field | 001127s2001 enka b 001 0 eng |
| 020 ## - INTERNATIONAL STANDARD BOOK NUMBER | |
| ISBN | 1856498972 (cased) |
| 020 ## - INTERNATIONAL STANDARD BOOK NUMBER | |
| ISBN | 1856498980 (limp) |
| 040 ## - CATALOGING SOURCE (பட்டியலாக்க மூலம்) | |
| Original cataloging agency | DLC |
| Transcribing agency | DLC |
| Modifying agency | DLC |
| 082 00 - DDC Classification | |
| Class No. | 303.6 |
| DDC Edition Number | 21 |
| 245 00 - TITLE STATEMENT | |
| Title | Victims, perpetrators or actors? : |
| Remainder of title | gender, armed conflict and political violence / |
| Statement of responsibility, etc. | edited by Caroline O.N. Moser and Fiona Clark. |
| 260 ## - PUBLICATION, DISTRIBUTION, ETC. | |
| Place of publication, distribution, etc. | London ; |
| -- | New York : |
| Name of publisher, distributor, etc. | Zed Books, |
| Date of publication, distribution, etc. | 2001. |
| 300 ## - PHYSICAL DESCRIPTION | |
| Extent (e.g. Volumes, Pages etc.) | xi, 243 p. : |
| 650 #0 - SUBJECT ADDED ENTRY--TOPICAL TERM | |
| Topical term or geographic name entry element | Political violence. |
| 650 #0 - SUBJECT ADDED ENTRY--TOPICAL TERM | |
| Topical term or geographic name entry element | Sex role. |
| 700 1# - ADDED ENTRY--PERSONAL NAME | |
| Personal name | Moser, Caroline O. N. |
| 700 1# - ADDED ENTRY--PERSONAL NAME | |
| Personal name | Clark, Fiona C., |
| Relator term (Role) | Editor |
| 856 42 - ELECTRONIC LOCATION AND ACCESS | |
| Uniform Resource Identifier | <a href="http://www.loc.gov/catdir/bios/hol058/00067459.html">http://www.loc.gov/catdir/bios/hol058/00067459.html</a> |
| 856 42 - ELECTRONIC LOCATION AND ACCESS | |
| Uniform Resource Identifier | <a href="http://www.loc.gov/catdir/description/hol051/00067459.html">http://www.loc.gov/catdir/description/hol051/00067459.html</a> |
| 856 41 - ELECTRONIC LOCATION AND ACCESS | |
| Uniform Resource Identifier | <a href="http://www.loc.gov/catdir/toc/hol051/00067459.html">http://www.loc.gov/catdir/toc/hol051/00067459.html</a> |
| 942 ## - Koha item type (Biblio) | |
| Koha item type | Books in Stacks (Lending) |
| Lost status | Damaged status | Collection code | Home library | Current library | Date acquired | Full call number | Accession Number | Item type |
|---|---|---|---|---|---|---|---|---|
| Lending | WERC Library | WERC Library | 12/05/2023 | 303.6 | 4575 | Books in Stacks (Lending) |
